000 00490 a2200145 4500
082 _a658.45
_bBOV
100 _aBovée, Courtland L.
_97258
245 _aBusiness communication today.
260 _aUpper Saddle River, N.J.
_bHarlow : Pearson Education,
_c2010.
300 _axxv,582p.
_c;28cm
500 _a Business communication ; Communication in organizations ;Management and Business Studies
526 _a0
_b0
_c0
_d658_450000000000000_BOV
650 _bNUST
_96342
942 _2ddc
_cBK
999 _c541410
_d541410